000 00811nam a2200241Ia 4500
003 OSt
005 20220923212025.0
006 a|||||r|||| 00| 0
007 ta
008 220922b |||||||| |||| 00| 0 hin d
024 _a149,948
037 _cTextual
040 _aARTS
_cARTS
_bhin
041 _2hin
_ahin
082 _aa494-3152,2252,N9, 152M8
100 _aराकेश, संपा.
245 0 _aशोध सरावली
246 _aShodh sarāvalī
260 _aहरिद्वार
_b स्वामी श्रदानन्द अनुसन्धान प्रकाशन केन्द्र
_c1988
300 _a431p.
_ccm.
942 _ha494-3152,2252,N9, 152M8
_cTEXL
_2CC
999 _c305628
_d305628